Dzielnice Gdyni według ulic #2 - Statystyki

Ogólne statystyki
  • Ten quiz został rozwiązany 25 razy
  • Średni wynik to 14 z 21
Statystyki odpowiedzi
Ulica Dzielnica % Poprawnych
Miętowa Dąbrowa
88%
Świętojańska Śródmieście
81%
Wiejska Chylonia
75%
Ruchu oporu Redłowo
75%
Wielkokacka Witomino
75%
Cechowa Obłuże
69%
Balladyny Orłowo
69%
Jaskółcza Pustki Cisowskie-Demptowo
69%
Ikara Babie Doły
63%
Janowska Cisowa
63%
Wolności Działki Leśne
63%
Ignacego Krasickiego Kamienna Góra
63%
Juliana Tuwima Karwiny
63%
Olgierda Mały Kack
63%
Arciszewskich Oksywie
63%
Rtęciowa Pogórze
63%
Leona Staniszewskiego Chwarzno-Wiczlino
56%
Gabriela Narutowicza Wzgórze św. Maksymiliana
56%
Hugo Kołłątaja Grabówek
50%
Gryfa Pomorskiego Wielki Kack
50%
Działdowska Leszczynki
44%
Nie znaleziono quizów pasujących do podanych kryteriów
Rozkład punktacji
Procent ludzi z każdym wynikiem
Percentyl według liczby udzielonych odpowiedzi
Twoja historia wyników
Nie rozwiązałeś tego quizu